Thực tập giải phẫu động vật có xương sống

Αποθηκεύτηκε σε:
Λεπτομέρειες βιβλιογραφικής εγγραφής
Κύριος συγγραφέας: Hà Đình Đức
Μορφή: Βιβλίο
Γλώσσα:Undetermined
Έκδοση: Hà Nội ĐH và THCN 1977
Θέματα:
Ετικέτες: Προσθήκη ετικέτας
Δεν υπάρχουν, Καταχωρήστε ετικέτα πρώτοι!
Thư viện lưu trữ: Trung tâm Học liệu Trường Đại học Cần Thơ
LEADER 00649nam a2200193Ia 4500
001 CTU_9234
008 210402s9999 xx 000 0 und d
082 |a 596.04 
082 |b Đ552 
100 |a Hà Đình Đức 
245 0 |a Thực tập giải phẫu động vật có xương sống 
245 0 |c Hà Đình Đức 
260 |a Hà Nội 
260 |b ĐH và THCN 
260 |c 1977 
526 |a TT. Động vật có xương sống,TT. Động vật có xương sống 
526 |b SP252,SP181 
650 |a vertebrates - anatomy 
980 |a Trung tâm Học liệu Trường Đại học Cần Thơ